000 01116nam a2200289Ia 4500
999 _c51388
_d51388
001 18373
003 GE_BSU
005 20210713131051.0
008 181216s||||||||xx |||||||||||||| ||und||
020 _a978-9941-14-001-3
040 _cGE_BSU
080 _a005.575
100 _aხიზანიშვილი, ს., ყულიჯანაშვილი, ა. წიქარიძე, ლ.
_912243
245 _aსაქმიანი ურთიერთობების კულტურა
245 _bსახელმძღვანელო
245 _cრედ. რ.ჯორბენაძე
250 _aსაქ. ტექნიკური უნ-ტი
260 _aთბილისი
260 _bტექნ. უნ-ტი
260 _c2007
300 _a217გვ. ; 29სმ.
300 _eბიბლიოგრ.: გვ. 215-216.
541 _h28ლ.
653 _aსაქმიანი ურთიერთობები
653 _aსაქმიანი ურთიერთობების კულტურა
942 _cBK
_2udc